[Event "Aeroflot Open 2012 A"]
[Site "Moscow"]
[Date "2012.02.07"]
[Round "1"]
[White "Aleksandrov, Aleksej"]
[Black "Tomashevsky, Evgeny"]
[Result "1/2-1/2"]
[WhiteElo "2612"]
[BlackElo "2740"]
[PlyCount "29"]
[EventDate "2012.02.07"]
[EventRounds "9"]
[EventCountry "RUS"]

1. d4 Nf6 2. c4 e6 3. Nc3 Bb4 4. e3 O-O 5. Bd3 d5 6. Nf3 b6 7. a3 Bxc3+ 8. bxc3
Ba6 9. cxd5 Bxd3 10. Qxd3 Qxd5 11. c4 Qe4 12. Qxe4 Nxe4 13. Nd2 Nd6 14. a4 Nd7
15. Ba3 1/2-1/2

[Event "Aeroflot Open 2012 A"]
[Site "Moscow"]
[Date "2012.02.07"]
[Round "1"]
[White "Caruana, Fabiano"]
[Black "Bocharov, Dmitry"]
[Result "1-0"]
[WhiteElo "2736"]
[BlackElo "2611"]
[PlyCount "65"]
[EventDate "2012.02.07"]
[EventRounds "9"]
[EventCountry "RUS"]

1. e4 c5 2. Nf3 e6 3. d4 cxd4 4. Nxd4 a6 5. Bd3 Nf6 6. O-O e5 7. Bg5 h6 8. Bxf6
Qxf6 9. Nf5 g6 10. Ne3 Bc5 11. b4 Ba7 12. Na3 d6 13. Nac4 Nc6 14. Qd2 Qd8 15.
c3 b5 16. Nb2 O-O 17. a4 Rb8 18. axb5 axb5 19. Nd5 Kg7 20. Kh1 Rb7 21. Ra6 Bd7
22. Nd1 Qg5 23. N1e3 Rc8 24. Qe2 Be8 25. Ng4 Ne7 26. Ngf6 Nxd5 27. Nxe8+ Rxe8
28. exd5 Reb8 29. Rxd6 Re7 30. Ra6 e4 31. d6 Re6 32. Rxa7 exd3 33. Qxe6 1-0

[Event "Aeroflot Open 2012 A"]
[Site "Moscow"]
[Date "2012.02.07"]
[Round "1"]
[White "Ponkratov, Pavel"]
[Black "Nepomniachtchi, Ian"]
[Result "1/2-1/2"]
[WhiteElo "2611"]
[BlackElo "2735"]
[PlyCount "86"]
[EventDate "2012.02.07"]
[EventRounds "9"]
[EventCountry "RUS"]

1. e4 c5 2. Nf3 d6 3. d4 Nf6 4. Bb5+ Nbd7 5. Nc3 cxd4 6. Qxd4 e5 7. Qd3 h6 8.
Be3 a6 9. Bc4 b5 10. Bd5 Rb8 11. Ba7 Nxd5 12. Nxd5 Rb7 13. Be3 Nf6 14. Nxf6+
Qxf6 15. a4 Be7 16. axb5 Rxb5 17. O-O Qg6 18. b3 O-O 19. c4 Rb8 20. Kh1 Bb7 21.
Nd2 Rbd8 22. f3 d5 23. cxd5 Rxd5 24. Qe2 Rb5 25. Rfd1 Rc8 26. Rac1 Qe6 27.
Rxc8+ Qxc8 28. Qd3 Qb8 29. Qd7 Kf8 30. Qf5 Kg8 31. Qd7 Bf8 32. Rc1 Qd6 33. Qxd6
Bxd6 34. Kg1 h5 35. Kf2 f6 36. Rc3 Kf7 37. Rd3 Ke6 38. Nc4 Be7 39. Bc1 a5 40.
Ba3 Bxa3 41. Nxa3 Rc5 42. Nc4 a4 43. Ne3 axb3 1/2-1/2

[Event "Aeroflot Open 2012 A"]
[Site "Moscow"]
[Date "2012.02.07"]
[Round "1"]
[White "Popov, Ivan"]
[Black "Vallejo Pons, Francisco"]
[Result "1/2-1/2"]
[WhiteElo "2599"]
[BlackElo "2705"]
[PlyCount "46"]
[EventDate "2012.02.07"]
[EventRounds "9"]
[EventCountry "RUS"]

1. e4 e6 2. d4 d5 3. Nc3 Nf6 4. Bg5 Bb4 5. e5 h6 6. Bc1 Ne4 7. Qg4 Kf8 8. Nge2
Nxc3 9. bxc3 Ba5 10. Ba3+ Kg8 11. h4 Nc6 12. Rh3 h5 13. Qf4 Bd7 14. Rg3 Rh7 15.
Nc1 Ne7 16. Bxe7 Qxe7 17. Nb3 Bb6 18. Bd3 g6 19. a4 c6 20. a5 Bd8 21. Rh3 Be8
22. Kf1 Rb8 23. c4 b6 1/2-1/2

[Event "Aeroflot Open 2012 A"]
[Site "Moscow"]
[Date "2012.02.07"]
[Round "1"]
[White "Jobava, Baadur"]
[Black "Robson, Ray"]
[Result "1-0"]
[WhiteElo "2704"]
[BlackElo "2596"]
[PlyCount "57"]
[EventDate "2012.02.07"]
[EventRounds "9"]
[EventCountry "RUS"]

1. d4 Nf6 2. c4 g6 3. f3 Nc6 4. Nc3 d5 5. cxd5 Nxd5 6. e4 Nxc3 7. bxc3 Bg7 8.
Bd3 O-O 9. Ne2 b6 10. h4 Na5 11. h5 c5 12. hxg6 hxg6 13. e5 cxd4 14. cxd4 Nc6
15. Be4 Qd7 16. Kf2 Ba6 17. Qa4 Bb7 18. Bh6 Rad8 19. Qa3 Nxd4 20. Bxg7 Kxg7 21.
Qe3 f5 22. Qh6+ Kf7 23. Qh7+ Ke6 24. Qxg6+ Kxe5 25. Rad1 Rg8 26. f4+ Kxe4 27.
Nc3+ Kxf4 28. Rh4+ Ke5 29. Re1+ 1-0

[Event "Aeroflot Open 2012 A"]
[Site "Moscow"]
[Date "2012.02.07"]
[Round "1"]
[White "Zherebukh, Yaroslav"]
[Black "Sasikiran, Krishnan"]
[Result "1/2-1/2"]
[WhiteElo "2594"]
[BlackElo "2700"]
[PlyCount "136"]
[EventDate "2012.02.07"]
[EventRounds "9"]
[EventCountry "RUS"]

1. e4 e5 2. Nf3 Nc6 3. d4 exd4 4. Nxd4 Nf6 5. Nxc6 bxc6 6. e5 Qe7 7. Qe2 Nd5 8.
c4 Nb6 9. Nc3 Bb7 10. h4 O-O-O 11. Bg5 f6 12. exf6 Qf7 13. fxg7 Bxg7 14. O-O-O
Rde8 15. Qc2 Nxc4 16. Rh3 h6 17. Rf3 Qe6 18. Bf4 Nb6 19. Nb5 Be5 20. Bxe5 Qxe5
21. Nc3 Rhf8 22. Rxf8 Rxf8 23. g3 c5 24. Bh3 Bf3 25. Rf1 Kb8 26. Qd2 Qf6 27.
Re1 Bc6 28. f4 Rg8 29. Qe3 h5 30. Ne4 Bxe4 31. Qxe4 Rxg3 32. Bxd7 Nxd7 33. Qe8+
Kb7 34. Qxd7 Qxf4+ 35. Kb1 Qd6 36. Qb5+ Qb6 37. Qc4 Qg6+ 38. Kc1 Qh6+ 39. Kb1
Qg6+ 40. Kc1 Qc6 41. a3 Rg4 42. Qb3+ Kc8 43. Qf7 Rxh4 44. Re8+ Kb7 45. Qb3+ Rb4
46. axb4 Qxe8 47. bxc5+ Kc8 48. Qh3+ Kb7 49. Qb3+ Ka8 50. Qf3+ c6 51. b4 Kb7
52. b5 h4 53. bxc6+ Qxc6 54. Qf7+ Qc7 55. Qb3+ Ka8 56. Qg8+ Kb7 57. Qb3+ Kc6
58. Qa4+ Kxc5 59. Qxh4 a5 60. Kb1 Qb7+ 61. Ka1 Qg7+ 62. Ka2 Qf7+ 63. Ka1 Qf1+
64. Ka2 Qe2+ 65. Ka1 Qd1+ 66. Ka2 Qc2+ 67. Ka3 Qc3+ 68. Ka2 Qc4+ 1/2-1/2

[Event "Aeroflot Open 2012 A"]
[Site "Moscow"]
[Date "2012.02.07"]
[Round "1"]
[White "Eljanov, Pavel"]
[Black "Rakhmanov, Aleksandr"]
[Result "1-0"]
[WhiteElo "2690"]
[BlackElo "2593"]
[PlyCount "87"]
[EventDate "2012.02.07"]
[EventRounds "9"]
[EventCountry "RUS"]

1. c4 Nf6 2. Nc3 d5 3. cxd5 Nxd5 4. g3 Nxc3 5. bxc3 g6 6. Bg2 Bg7 7. h4 h6 8.
Rb1 c6 9. Nf3 Nd7 10. O-O Qa5 11. Qb3 O-O 12. d3 Nc5 13. Qa3 Qxa3 14. Bxa3 Na4
15. c4 Nc3 16. Rb2 b5 17. Rc2 bxc4 18. d4 Nb5 19. Bxe7 Re8 20. Bc5 Bf5 21. Rxc4
Rxe2 22. a4 Nc7 23. Ne5 Be6 24. Rcc1 Bxe5 25. Bxc6 Bf6 26. Bxa8 Nxa8 27. Bxa7
Ra2 28. Ra1 Rxa1 29. Rxa1 Kf8 30. a5 Ke7 31. a6 Kd6 32. Bc5+ Kd5 33. Ra4 Ke4
34. a7 h5 35. Ra6 Kd5 36. Rd6+ Kc4 37. f4 Kb5 38. Kf2 Kc4 39. Ke3 Kb5 40. Ba3
Nc7 41. Kd2 Bg7 42. d5 Bh3 43. Rd8 Bg2 44. Rc8 1-0

[Event "Aeroflot Open 2012 A"]
[Site "Moscow"]
[Date "2012.02.07"]
[Round "1"]
[White "Andreikin, Dmitry"]
[Black "Ipatov, Alexander"]
[Result "1-0"]
[WhiteElo "2688"]
[BlackElo "2586"]
[PlyCount "77"]
[EventDate "2012.02.07"]
[EventRounds "9"]
[EventCountry "RUS"]

1. c4 c6 2. e4 d5 3. exd5 cxd5 4. cxd5 Nf6 5. Nc3 Nxd5 6. Nf3 Nxc3 7. bxc3 g6
8. Bc4 Bg7 9. O-O O-O 10. Re1 Qc7 11. Bb3 Nc6 12. Ba3 Bf6 13. d4 Na5 14. Qd2
Re8 15. Ne5 Nxb3 16. axb3 b6 17. c4 Bb7 18. Ng4 Bg7 19. Nh6+ Kf8 20. Rad1 Qd7
21. d5 b5 22. Qf4 Bxh6 23. Qxh6+ Kg8 24. Bb2 f6 25. Re6 bxc4 26. bxc4 Rf8 27.
Rde1 Rf7 28. h3 Rc8 29. Ba3 Qa4 30. Bxe7 Qxc4 31. Bxf6 Rcf8 32. Re7 Qc8 33. Bd4
Rxe7 34. Rxe7 Rf7 35. Rxf7 Kxf7 36. Qxh7+ Ke8 37. Qxg6+ Ke7 38. Qf6+ Ke8 39.
Qh8+ 1-0

[Event "Aeroflot Open 2012 A"]
[Site "Moscow"]
[Date "2012.02.07"]
[Round "1"]
[White "Morovic Fernandez, Ivan"]
[Black "Zvjaginsev, Vadim"]
[Result "1/2-1/2"]
[WhiteElo "2582"]
[BlackElo "2688"]
[PlyCount "28"]
[EventDate "2012.02.07"]
[EventRounds "9"]
[EventCountry "RUS"]

1. d4 d5 2. c4 e6 3. Nf3 Nf6 4. Nc3 Be7 5. Bg5 O-O 6. e3 h6 7. Bh4 Nbd7 8. Rc1
c6 9. Bd3 a6 10. a4 c5 11. cxd5 Nxd5 12. Bxe7 Nxe7 13. O-O cxd4 14. Nxd4 Nf6
1/2-1/2

[Event "Aeroflot Open 2012 A"]
[Site "Moscow"]
[Date "2012.02.07"]
[Round "1"]
[White "Zhigalko, Andrey"]
[Black "Kobalia, Mikhail"]
[Result "1/2-1/2"]
[WhiteElo "2576"]
[BlackElo "2673"]
[PlyCount "74"]
[EventDate "2012.02.07"]
[EventRounds "9"]
[EventCountry "RUS"]

1. e4 e5 2. Nf3 Nc6 3. Bc4 Bc5 4. O-O Nf6 5. d3 O-O 6. Nbd2 d6 7. c3 a6 8. Bb3
Ba7 9. h3 Ne7 10. Re1 Ng6 11. Nf1 h6 12. d4 c5 13. Ng3 b5 14. Bc2 cxd4 15. cxd4
Re8 16. a4 Bd7 17. Be3 Qc7 18. Qd2 exd4 19. Nxd4 bxa4 20. Ndf5 Bxf5 21. Nxf5
Bxe3 22. Rxe3 Rab8 23. Rc3 Qb6 24. Rxa4 Qxb2 25. Nxd6 Red8 26. Rd4 Nf4 27. Rcc4
Ne6 28. Rd3 Qa1+ 29. Qd1 Qxd1+ 30. Rxd1 Nd7 31. Nf5 Ne5 32. Rxd8+ Rxd8 33. Rc3
Rd2 34. Kf1 Nf4 35. Ke1 Re2+ 36. Kf1 Rd2 37. Ke1 Re2+ 1/2-1/2

[Event "Aeroflot Open 2012 A"]
[Site "Moscow"]
[Date "2012.02.07"]
[Round "1"]
[White "Alekseev, Evgeny"]
[Black "Jumabayev, Rinat"]
[Result "1-0"]
[WhiteElo "2670"]
[BlackElo "2573"]
[PlyCount "67"]
[EventDate "2012.02.07"]
[EventRounds "9"]
[EventCountry "RUS"]

1. e4 e5 2. Nf3 Nc6 3. Bb5 Nf6 4. d3 Bc5 5. c3 O-O 6. O-O d6 7. Nbd2 Bb6 8. h3
Ne7 9. Re1 c6 10. Ba4 Ng6 11. d4 h6 12. Bc2 Re8 13. a4 Be6 14. Nf1 Qc7 15. Ng3
Rad8 16. Be3 d5 17. Nxe5 Nxe5 18. Bf4 Nfd7 19. a5 Bxa5 20. exd5 Bxd5 21. dxe5
Bb6 22. Qh5 f6 23. Bxh6 Nxe5 24. Be3 Nf3+ 25. gxf3 Rxe3 26. Rxe3 Bxe3 27. Kg2
Bh6 28. Nf5 Bd2 29. Rxa7 Bf7 30. Qg4 g6 31. Nd4 Qd7 32. Bf5 Qe8 33. Rxb7 Rd5
34. Rxf7 1-0

[Event "Aeroflot Open 2012 A"]
[Site "Moscow"]
[Date "2012.02.07"]
[Round "1"]
[White "Ghaem Maghami, Ehsan"]
[Black "Bu, Xiangzhi"]
[Result "1/2-1/2"]
[WhiteElo "2570"]
[BlackElo "2670"]
[PlyCount "110"]
[EventDate "2012.02.07"]
[EventRounds "9"]
[EventCountry "RUS"]

1. e4 e5 2. Nf3 d6 3. Bc4 Be7 4. O-O Nf6 5. d3 O-O 6. c3 c6 7. Re1 Nbd7 8. Bb3
Nc5 9. Bc2 Bg4 10. Nbd2 Nfd7 11. h3 Bh5 12. Nf1 Ne6 13. Ng3 Bxf3 14. Qxf3 g6
15. Bh6 Re8 16. Rad1 Bg5 17. Bxg5 Qxg5 18. d4 Nf4 19. Qg4 Qxg4 20. hxg4 Rad8
21. f3 a5 22. Kf2 Nb6 23. Ne2 Ne6 24. a3 Nc4 25. Rb1 exd4 26. Nxd4 d5 27. exd5
Nxd4 28. Rxe8+ Rxe8 29. cxd4 cxd5 30. Bd3 b5 31. Rc1 a4 32. g5 Kg7 33. Rc2 h6
34. gxh6+ Kxh6 35. Be2 Kg5 36. Bd3 Kf6 37. Rc1 Rh8 38. Kg3 g5 39. Rc3 Rh4 40.
b3 axb3 41. Rxb3 Rxd4 42. Be2 Rd2 43. Kf2 d4 44. Ke1 Ra2 45. Rxb5 Ne3 46. g3
Rxa3 47. Kd2 Ra2+ 48. Kd3 Nf5 49. Rb6+ Kg7 50. Rb5 Kg6 51. f4 Nxg3 52. Rxg5+
Kf6 53. Bg4 Rf2 54. Rd5 Rxf4 55. Rxd4 Rxd4+ 1/2-1/2

[Event "Aeroflot Open 2012 A"]
[Site "Moscow"]
[Date "2012.02.07"]
[Round "1"]
[White "Balogh, Csaba"]
[Black "Grigoriants, Sergey"]
[Result "1/2-1/2"]
[WhiteElo "2665"]
[BlackElo "2570"]
[PlyCount "84"]
[EventDate "2012.02.07"]
[EventRounds "9"]
[EventCountry "RUS"]

1. e4 c5 2. Nf3 e6 3. d4 cxd4 4. Nxd4 a6 5. Bd3 Bc5 6. Nb3 Be7 7. Qg4 g6 8. Qe2
d6 9. a4 Nd7 10. a5 h5 11. Nc3 Ngf6 12. Bg5 h4 13. O-O-O b5 14. f4 Bb7 15. g3
Nh5 16. Bxe7 Qxe7 17. Qd2 Nhf6 18. Rhe1 Rc8 19. Kb1 Nc5 20. e5 dxe5 21. Nxc5
Rxc5 22. fxe5 Nd7 23. Be4 b4 24. Na4 Bxe4 25. Nxc5 Nxc5 26. Qxb4 Bb7 27. Rd6
Qc7 28. Qb6 Qxb6 29. Rxb6 hxg3 30. hxg3 Rh1 31. Rxh1 Bxh1 32. b4 Nd7 33. Rxa6
Nxe5 34. b5 Kd7 35. Ra7+ Kd6 36. b6 Nc4 37. b7 Kc7 38. a6 Nb6 39. b8=Q+ Kxb8
40. Rxf7 Na4 41. Rf6 g5 42. Rxe6 g4 1/2-1/2

[Event "Aeroflot Open 2012 A"]
[Site "Moscow"]
[Date "2012.02.07"]
[Round "1"]
[White "Shomoev, Anton"]
[Black "Khismatullin, Denis"]
[Result "0-1"]
[WhiteElo "2570"]
[BlackElo "2664"]
[PlyCount "90"]
[EventDate "2012.02.07"]
[EventRounds "9"]
[EventCountry "RUS"]

1. d4 Nf6 2. c4 e6 3. Nc3 d5 4. cxd5 Nxd5 5. Nf3 c5 6. e3 Be7 7. Bc4 Nxc3 8.
bxc3 O-O 9. O-O b6 10. Qe2 Bb7 11. e4 Qc7 12. Bb2 Nd7 13. Bd3 Rac8 14. Rad1
Rfe8 15. Rfe1 c4 16. Bb1 e5 17. d5 b5 18. h4 a5 19. h5 h6 20. Nh2 Nc5 21. Ng4
Na4 22. Ba1 Ba6 23. Ne3 Rcd8 24. g3 Bc5 25. Nf5 Bc8 26. Kg2 Bxf5 27. exf5 Qd6
28. Qe4 Qf6 29. Bc2 Nb6 30. a4 Nc8 31. axb5 Nd6 32. Qg4 Re7 33. Bb2 e4 34. Re2
Rde8 35. Rde1 e3 36. fxe3 Ne4 37. Rf1 Nxg3 38. Qxg3 Rxe3 39. Rxe3 Rxe3 40. Qg4
Qe5 41. Bd1 Bd6 42. Qf4 Rg3+ 43. Kxg3 Qe3+ 44. Kg4 Bxf4 45. Rxf4 Qg1+ 0-1

[Event "Aeroflot Open 2012 A"]
[Site "Moscow"]
[Date "2012.02.07"]
[Round "1"]
[White "Korobov, Anton"]
[Black "Jankovic, Alojzije"]
[Result "1-0"]
[WhiteElo "2660"]
[BlackElo "2568"]
[PlyCount "85"]
[EventDate "2012.02.07"]
[EventRounds "9"]
[EventCountry "RUS"]

1. d4 Nf6 2. c4 e6 3. Nc3 Bb4 4. e3 O-O 5. Bd3 c5 6. Nf3 b6 7. O-O Bb7 8. Bd2
d6 9. a3 Bxc3 10. Bxc3 Ne4 11. Bxe4 Bxe4 12. dxc5 dxc5 13. Nd2 Bg6 14. Qf3 Nd7
15. Ne4 Qh4 16. Nd6 Rad8 17. g3 Qh3 18. Qf4 f6 19. Rad1 e5 20. Qf3 e4 21. Qf4
Qe6 22. Nb7 Rb8 23. Qc7 Bf5 24. Nd6 Bh3 25. Rfe1 Qg4 26. Qc6 Rbe8 27. f4 Re7
28. Nxe4 Qe6 29. Qxe6+ Bxe6 30. Nd6 Rd8 31. e4 Nb8 32. f5 Red7 33. fxe6 Rxd6
34. Rd5 Nc6 35. Red1 Rxd5 36. exd5 Kf8 37. Kf2 Ne7 38. b4 cxb4 39. Bxb4 a5 40.
Bxe7+ Kxe7 41. Rb1 Rb8 42. c5 b5 43. Re1 1-0

[Event "Aeroflot Open 2012 A"]
[Site "Moscow"]
[Date "2012.02.07"]
[Round "1"]
[White "Al-Modiahki, Mohamad"]
[Black "Bartel, Mateusz"]
[Result "0-1"]
[WhiteElo "2567"]
[BlackElo "2658"]
[PlyCount "114"]
[EventDate "2012.02.07"]
[EventRounds "9"]
[EventCountry "RUS"]

1. e4 e5 2. Nf3 Nc6 3. Bb5 a6 4. Ba4 Nge7 5. O-O g6 6. c3 Bg7 7. d4 exd4 8.
cxd4 b5 9. Bb3 O-O 10. Nc3 Na5 11. Bg5 h6 12. Bh4 Nxb3 13. Qxb3 g5 14. Bg3 d6
15. h4 g4 16. Nh2 Kh8 17. Ne2 f5 18. e5 dxe5 19. dxe5 Qd5 20. Qc2 Qe4 21. Rac1
Bb7 22. Qxe4 Bxe4 23. Rfe1 Nd5 24. Nd4 Rae8 25. Nxg4 h5 26. f3 Bxf3 27. Nf6
Bxf6 28. exf6 Be4 29. Rc5 Nxf6 30. Be5 Kg7 31. Rxc7+ Kg6 32. Nc6 Rf7 33. Rxf7
Kxf7 34. Bxf6 Kxf6 35. Nd4 Rg8 36. Re2 Rg4 37. Nb3 Rxh4 38. Nc5 a5 39. Nxe4+
Rxe4 40. Rc2 Rc4 41. Re2 a4 42. a3 b4 43. axb4 Rxb4 44. Kh2 Kg5 45. Kh3 Rb3+
46. Kh2 Kg4 47. Rc2 Rb4 48. Rc3 h4 49. Ra3 f4 50. Kh1 Rxb2 51. Rxa4 h3 52.
gxh3+ Kg3 53. Ra1 Rh2+ 54. Kg1 f3 55. Ra3 Rb2 56. Ra1 Rg2+ 57. Kh1 Rh2+ 0-1

[Event "Aeroflot Open 2012 A"]
[Site "Moscow"]
[Date "2012.02.07"]
[Round "1"]
[White "Zhigalko, Sergei"]
[Black "Gopal G.N."]
[Result "1-0"]
[WhiteElo "2658"]
[BlackElo "2566"]
[PlyCount "95"]
[EventDate "2012.02.07"]
[EventRounds "9"]
[EventCountry "RUS"]

1. e4 e6 2. d4 d5 3. Nc3 Nf6 4. e5 Nfd7 5. f4 c5 6. Nf3 Nc6 7. Be3 Be7 8. Qd2
O-O 9. dxc5 Nxc5 10. O-O-O b6 11. Bb5 Bb7 12. Bxc6 Bxc6 13. Nd4 Rc8 14. f5 b5
15. fxe6 fxe6 16. b4 Bd7 17. bxc5 Bxc5 18. Nce2 Qc7 19. Rhf1 Qxe5 20. Rxf8+
Rxf8 21. Kb1 b4 22. Bg1 Qc7 23. Nf3 Bd6 24. Bd4 Rc8 25. Rc1 Bb5 26. Qe3 Re8 27.
Be5 Bc5 28. Qg5 Qe7 29. Qxe7 Bxe7 30. Re1 Bd7 31. Nf4 Bf8 32. Bd4 a5 33. Ne5
Bb5 34. Ned3 Bd6 35. Be5 Bf8 36. Bc7 a4 37. Rxe6 Rxe6 38. Nxe6 Be7 39. Nd4 Bd7
40. Ba5 Bf6 41. Nf3 g5 42. Bxb4 g4 43. Nfe5 Bf5 44. Bc3 Bg5 45. Bd4 h5 46. g3
Kh7 47. Kb2 h4 48. Ka3 1-0

[Event "Aeroflot Open 2012 A"]
[Site "Moscow"]
[Date "2012.02.07"]
[Round "1"]
[White "Adhiban, B."]
[Black "Ragger, Markus"]
[Result "1-0"]
[WhiteElo "2561"]
[BlackElo "2655"]
[PlyCount "87"]
[EventDate "2012.02.07"]
[EventRounds "9"]
[EventCountry "RUS"]

1. d4 d5 2. c4 c6 3. Nc3 Nf6 4. e3 e6 5. Nf3 Nbd7 6. Qc2 Bd6 7. g4 h6 8. h3 a6
9. c5 Be7 10. Bd2 b6 11. cxb6 c5 12. Na4 Ne4 13. Ba5 Bb7 14. b4 cxd4 15. exd4
Rc8 16. Nc5 Ndxc5 17. bxc5 Bxc5 18. dxc5 Qf6 19. Qd1 d4 20. Qa4+ Ke7 21. Bg2
Ng5 22. Nh4 Bxg2 23. Nxg2 Qf3 24. Rh2 Qe4+ 25. Kf1 Nf3 26. Ne1 Nxh2+ 27. Kg1
Nf3+ 28. Nxf3 Qxf3 29. Qxd4 Rhd8 30. b7 Rxd4 31. bxc8=Q Qxh3 32. Qb7+ Kf6 33.
Bc7 Qxg4+ 34. Qg2 Qf5 35. c6 e5 36. Re1 e4 37. Bg3 Rc4 38. c7 h5 39. Qf1 Qc5
40. Qh3 Rc3 41. Kh2 Rc2 42. Rxe4 g5 43. Re5 Rxf2+ 44. Kg1 1-0

[Event "Aeroflot Open 2012 A"]
[Site "Moscow"]
[Date "2012.02.07"]
[Round "1"]
[White "Gupta, Abhijeet"]
[Black "Pridorozhni, Aleksei"]
[Result "1-0"]
[WhiteElo "2652"]
[BlackElo "2555"]
[PlyCount "73"]
[EventDate "2012.02.07"]
[EventRounds "9"]
[EventCountry "RUS"]

1. d4 d6 2. Nf3 Nf6 3. c4 g6 4. Nc3 Bg7 5. e4 O-O 6. h3 c5 7. d5 e6 8. Bd3 exd5
9. exd5 Re8+ 10. Be3 Bh6 11. O-O Bxe3 12. fxe3 a6 13. e4 Nbd7 14. Qd2 Kg7 15.
Rf2 Ng8 16. a3 Ne5 17. Nxe5 Rxe5 18. b4 b6 19. Rb1 Ra7 20. Na4 Bd7 21. bxc5
Bxa4 22. cxb6 Rb7 23. Qa5 Bd7 24. Qxa6 Qb8 25. Qa5 Qc8 26. a4 f5 27. c5 dxc5
28. Qc3 Qb8 29. a5 c4 30. Bxc4 Nf6 31. Rfb2 Bc8 32. a6 Rbe7 33. a7 Qa8 34. d6
Nxe4 35. Qd4 Nxd6 36. Qxd6 Bb7 37. Qb8 1-0

[Event "Aeroflot Open 2012 A"]
[Site "Moscow"]
[Date "2012.02.07"]
[Round "1"]
[White "Ju, Wenjun"]
[Black "Iordachescu, Viorel"]
[Result "0-1"]
[WhiteElo "2552"]
[BlackElo "2651"]
[PlyCount "112"]
[EventDate "2012.02.07"]
[EventRounds "9"]
[EventCountry "RUS"]

1. d4 Nf6 2. c4 e6 3. g3 c5 4. d5 d6 5. Nc3 exd5 6. cxd5 g6 7. Bg2 Bg7 8. Nf3
O-O 9. O-O Re8 10. a4 a6 11. Bf4 b6 12. Re1 Nh5 13. Bg5 Qc7 14. Qd2 Nd7 15. Bh6
Bh8 16. g4 Nhf6 17. Qf4 Ne5 18. h3 Nxf3+ 19. Qxf3 Bb7 20. Qg3 Nd7 21. e4 c4 22.
Bf1 Rac8 23. Rac1 Qc5 24. Bd2 Be5 25. Qg2 Qb4 26. f4 Bd4+ 27. Be3 Bxe3+ 28.
Rxe3 b5 29. axb5 axb5 30. Kh2 Qa5 31. Qd2 Nc5 32. Rce1 Nb3 33. Qc2 Qb6 34. e5
dxe5 35. Rxe5 Red8 36. Bg2 b4 37. Nd1 Qd4 38. R1e4 Qd2 39. Qxd2 Nxd2 40. Re2
Nb3 41. g5 Nc1 42. Rc2 Nd3 43. Re7 Bxd5 44. Bxd5 Rxd5 45. Ne3 Rdc5 46. Ng4 Kf8
47. Rd7 R5c7 48. Nf6 Rxd7 49. Nxd7+ Kg7 50. Nb6 c3 51. Nxc8 cxb2 52. Rxb2 Nxb2
53. Nb6 b3 54. Kg3 Nd1 55. Nc4 b2 56. Nd2 Nc3 0-1

[Event "Aeroflot Open 2012 A"]
[Site "Moscow"]
[Date "2012.02.07"]
[Round "1"]
[White "Iturrizaga, Eduardo"]
[Black "Szabo, Krisztian"]
[Result "1-0"]
[WhiteElo "2649"]
[BlackElo "2547"]
[PlyCount "75"]
[EventDate "2012.02.07"]
[EventRounds "9"]
[EventCountry "RUS"]

1. Nf3 d5 2. d4 Nf6 3. c4 c6 4. Nc3 e6 5. Bg5 h6 6. Bxf6 Qxf6 7. e3 Nd7 8. Bd3
dxc4 9. Bxc4 g6 10. O-O Bg7 11. e4 O-O 12. e5 Qe7 13. Qe2 b5 14. Bd3 Bb7 15.
Be4 Rab8 16. Rfd1 a6 17. Rac1 Rfc8 18. Ne1 Ba8 19. f4 c5 20. Bxa8 Rxa8 21. d5
exd5 22. Nxd5 Qe6 23. b3 Rab8 24. Nc2 Nb6 25. Nce3 Nxd5 26. Rxd5 c4 27. bxc4
bxc4 28. Rxc4 Rb1+ 29. Kf2 Rxc4 30. Qxc4 Qe7 31. Kf3 Rb4 32. Qc8+ Kh7 33. Rd7
Qe6 34. Qc7 Kg8 35. Re7 Qxa2 36. e6 Rb2 37. exf7+ Kh8 38. Re8+ 1-0

[Event "Aeroflot Open 2012 A"]
[Site "Moscow"]
[Date "2012.02.07"]
[Round "1"]
[White "Tukhaev, Adam"]
[Black "Nisipeanu, Liviu-Dieter"]
[Result "0-1"]
[WhiteElo "2537"]
[BlackElo "2647"]
[PlyCount "112"]
[EventDate "2012.02.07"]
[EventRounds "9"]
[EventCountry "RUS"]

1. e4 c5 2. Nf3 e6 3. d4 cxd4 4. Nxd4 Nf6 5. Nc3 d6 6. g4 h6 7. h4 e5 8. Nf5
Nc6 9. Bc4 Be6 10. Bb3 Qd7 11. Qf3 h5 12. gxh5 Nxh5 13. Bg5 g6 14. Ng3 Nd4 15.
Qd3 Nxb3 16. axb3 Be7 17. Nge2 f6 18. Be3 f5 19. f3 f4 20. Bf2 Nf6 21. Rg1 Kf7
22. O-O-O Rac8 23. Rg5 Rh6 24. Kb1 a6 25. Na4 Qc6 26. Nb6 Rd8 27. Nc3 Nd7 28.
Nxd7 Qxd7 29. Rg2 Bxh4 30. Bb6 Rc8 31. Qxd6 Qxd6 32. Rxd6 Be7 33. Rd1 g5 34.
Ne2 Rh3 35. Rf1 Rch8 36. Nc1 Rh1 37. Rgg1 Rxg1 38. Rxg1 Rh3 39. Nd3 Kf6 40. Rf1
Bd6 41. Kc1 Ke7 42. Kd2 g4 43. fxg4 Bxg4 44. Nf2 Rh2 45. Rg1 Bf3 46. Kd3 Kd7
47. Rg6 Bh5 48. Rf6 Be7 49. Rf5 Ke6 50. Bc7 Bf6 51. Bb6 Bf3 52. Kc3 Be7 53. Nd3
Bd6 54. Nf2 Rg2 55. b4 Rg8 56. Kb3 Rg6 0-1

[Event "Aeroflot Open 2012 A"]
[Site "Moscow"]
[Date "2012.02.07"]
[Round "1"]
[White "Negi, Parimarjan"]
[Black "Alsina Leal, Daniel"]
[Result "1/2-1/2"]
[WhiteElo "2641"]
[BlackElo "2535"]
[PlyCount "41"]
[EventDate "2012.02.07"]
[EventRounds "9"]
[EventCountry "RUS"]

1. e4 c5 2. Nf3 e6 3. d4 cxd4 4. Nxd4 Nc6 5. Nc3 Qc7 6. Be3 a6 7. Qd2 Nf6 8.
O-O-O Bb4 9. f3 O-O 10. g4 Ne5 11. g5 Nh5 12. Rg1 Ng6 13. Nde2 Ne5 14. Nd4 Ng6
15. a3 Bxc3 16. Qxc3 Qxc3 17. bxc3 d5 18. exd5 exd5 19. c4 dxc4 20. Bxc4 Nhf4
21. Bd3 1/2-1/2

[Event "Aeroflot Open 2012 A"]
[Site "Moscow"]
[Date "2012.02.07"]
[Round "1"]
[White "Esen, Baris"]
[Black "Ni, Hua"]
[Result "1/2-1/2"]
[WhiteElo "2534"]
[BlackElo "2641"]
[PlyCount "158"]
[EventDate "2012.02.07"]
[EventRounds "9"]
[EventCountry "RUS"]

1. d4 Nf6 2. c4 e6 3. Nf3 Bb4+ 4. Bd2 a5 5. g3 d6 6. Bg2 Nbd7 7. O-O e5 8. Qc2
O-O 9. Rd1 Qe7 10. Bg5 exd4 11. Nxd4 Ne5 12. Nc3 Bxc3 13. Qxc3 h6 14. Bxf6 Qxf6
15. Nb5 Qe7 16. Qc2 Rd8 17. Nc3 c6 18. b3 Nd7 19. Rd4 Nc5 20. Rad1 Ne6 21. R4d3
Nc5 22. Rd4 Ne6 23. Re4 Qc7 24. Qd2 Qb6 25. Na4 Qa7 26. Nc3 Qb6 27. Na4 Qa7 28.
Re3 Nc5 29. Nxc5 Qxc5 30. Re4 Be6 31. Rd4 Qa3 32. Be4 Kf8 33. Bb1 d5 34. Qc2 c5
35. R4d2 d4 36. Qh7 a4 37. Qh8+ Ke7 38. Qxg7 axb3 39. axb3 Qxb3 40. Bd3 b5 41.
Rb1 Qa3 42. cxb5 c4 43. Be4 c3 44. Rxd4 Qc5 45. Rxd8 Rxd8 46. Rc1 Rd2 47. Bd3
c2 48. Qxh6 Rd1+ 49. Kg2 Qd5+ 50. f3 Qd4 51. Qg5+ Kd7 52. g4 Qg1+ 53. Kh3 Rxc1
54. b6 Qf1+ 55. Kg3 Qg1+ 56. Kh3 Rb1 57. Bxc2 Rxb6 58. Bd3 Qd4 59. Kg2 Rb2 60.
Kg3 Rb8 61. Qc1 f5 62. h3 Rc8 63. Qb1 Qe5+ 64. Kg2 Rb8 65. Qg1 fxg4 66. hxg4
Rh8 67. Qa7+ Kd8 68. Qb6+ Ke7 69. Qb4+ Kf6 70. f4 Qa1 71. g5+ Kg7 72. Bb1 Bf7
73. f5 Re8 74. Bd3 Qa8+ 75. Kf2 Qa7+ 76. Kf1 Qa1+ 77. Kg2 Qa8+ 78. Kf2 Qa7+ 79.
Kf1 Qa1+ 1/2-1/2

[Event "Aeroflot Open 2012 A"]
[Site "Moscow"]
[Date "2012.02.07"]
[Round "1"]
[White "Sokolov, Ivan"]
[Black "Pap, Gyula"]
[Result "1-0"]
[WhiteElo "2641"]
[BlackElo "2533"]
[PlyCount "47"]
[EventDate "2012.02.07"]
[EventRounds "9"]
[EventCountry "RUS"]

1. d4 d5 2. c4 e6 3. Nc3 a6 4. cxd5 exd5 5. Nf3 c6 6. Qb3 Nf6 7. Bg5 Be7 8. e3
O-O 9. Bd3 Nbd7 10. O-O Re8 11. Rad1 Ne4 12. Bf4 Ndf6 13. Ne5 Nxc3 14. bxc3 Nh5
15. Qb1 g6 16. Bh6 Bd6 17. f4 Ng7 18. e4 f6 19. exd5 cxd5 20. Bxg6 hxg6 21.
Qxg6 Bf8 22. f5 fxe5 23. f6 Re6 24. Bxg7 1-0

[Event "Aeroflot Open 2012 A"]
[Site "Moscow"]
[Date "2012.02.07"]
[Round "1"]
[White "Sethuraman, S.P."]
[Black "Khairullin, Ildar"]
[Result "1/2-1/2"]
[WhiteElo "2529"]
[BlackElo "2638"]
[PlyCount "48"]
[EventDate "2012.02.07"]
[EventRounds "9"]
[EventCountry "RUS"]

1. e4 c5 2. Nf3 e6 3. d4 cxd4 4. Nxd4 Nc6 5. Nc3 Qc7 6. Be2 Nf6 7. O-O Be7 8.
Be3 O-O 9. Kh1 d6 10. f4 Nxd4 11. Qxd4 b6 12. e5 dxe5 13. fxe5 Nd7 14. Bf3 Ba6
15. Rfe1 Rad8 16. Bf4 Nc5 17. Qf2 Bb7 18. Nb5 Qd7 19. a4 Bxf3 20. Qxf3 Nxa4 21.
c4 Nxb2 22. Rxa7 Qe8 23. Nc7 Qd7 24. Nb5 Qe8 1/2-1/2